000 00996nam a2200289 a 4500
001 000049190
003 DO-SdBNP
005 20230203110818.0
007 ta
008 190726s 2018 dr r 000 0 spa d
020 _a9789945582635
040 _aDO-SdBNP
_bspa
_cBNPHU
082 4 _aRD863.44
_bG277r
_222
100 1 _aGautreau de Windt, Eduardo,
_d1962-
_976506
245 1 0 _aRelatos de un silbo /
_cEduardo Gautreau de Windt.
260 _aSanto Domingo :
_bBanco Central de la República Dominicana,
_c2018.
300 _a158 p. ;
_c23 cm.
490 1 _aBanco Central de la República Dominicana
_v247
490 1 _aArte y literatura
_v89
500 _aIncluye datos biográficos del autor en las solapas
590 _aInventariado, 2019/BT
650 4 _aCuentos dominicanos
650 4 _aLiteratura dominicana
830 0 _aBanco Central de la República Dominicana
_n247
_pArte y literatura
_n89
_976507
910 _aBtavárez/Validado.Control de calidad MFF
942 _2ddc
_cLBS1
999 _c48678
_d48678